El tabac al descobert
Descripción Física:
10 p. ; 20 cm
MARC
| LEADER | 00000nam a2200000Ia 4500 | ||
|---|---|---|---|
| 001 | 23645 | ||
| 008 | 160829s2012 xx 000 0 cat d | ||
| 080 | |a FU-61-79 | ||
| 245 | |a El tabac al descobert | ||
| 260 | |a Barcelona : |b Diputació de Barcelona. Servei de Salut Pública, |c 2012 | ||
| 300 | |a 10 p. ; |c 20 cm | ||
| 650 | 0 | |a Tabaquisme |9 50295 | |
| 650 | |a Tabac |x Efectes fisiològics |9 31502 | ||
| 710 | |a Barcelona (Catalunya : Província). |b Servei de Salut Pública |9 52202 | ||
| 901 | |a Arxiu | ||
| 942 | |n 1 | ||
| 952 | |0 0 |1 0 |4 0 |6 FU6179 |7 1 |9 55536 |a Arxiu |b Arxiu |d 2016-12-01 |l 0 |o FU-61-79 |p 23645 |r 2016-12-01 00:00:00 |w 2016-12-01 |y ARXIU | ||
| 999 | |c 59409 |d 59409 | ||